logo

Bir Sreshtho Munshi Abdur Rouf Library
Jhenaidah Cadet College

The honourable schoolboy / (Record no. 6198)

MARC details
000 -LEADER
fixed length control field 00617nam a2200229 a 4500
001 - CONTROL NUMBER
JCCL Control Number 6198
003 - CONTROL NUMBER IDENTIFIER
JCCL marc code BD - JCC
005 - DATE AND TIME OF LATEST TRANSACTION
control field 20180116180810.0
008 - FIXED-LENGTH DATA ELEMENTS--GENERAL INFORMATION
fixed length control field 880808s1977 enkb 000 1 eng
020 ## - INTERNATIONAL STANDARD BOOK NUMBER
International Standard Book Number 0340220422
035 ## - SYSTEM CONTROL NUMBER
system control number (BD - JCC)6198
040 ## - CATALOGING SOURCE
Original cataloging agency DLC
Transcribing agency DLC
Modifying agency m.c
-- BD - JCC
041 ## - LANGUAGE CODE
Language code of Book eng
082 ## - DEWEY DECIMAL CLASSIFICATION NUMBER
Classification number 823.914
Author mark and Year CAR 1977
100 1# - MAIN ENTRY--PERSONAL NAME
Personal name Le Carré, John,
Dates associated with a name 1931-
245 14 - TITLE STATEMENT
Title The honourable schoolboy /
Statement of responsibility, etc John le Carré
260 ## - PUBLICATION, DISTRIBUTION, ETC. (IMPRINT)
Place of publication, distribution, etc London :
Name of publisher, distributor, etc Hodder and Stoughton,
Date of publication, distribution, etc 1977
300 ## - PHYSICAL DESCRIPTION
Pagination 532 p. :
Other physical details col. maps (on lining papers) ;
Dimensions 23 cm
650 ## - SUBJECT ADDED ENTRY--TOPICAL TERM
Topical term or geographic name as entry element Spy, Stories
942 ## - ADDED ENTRY ELEMENTS (KOHA)
Source of classification or shelving scheme Dewey Decimal Classification
Koha item type Books
Holdings
Source of classification or shelving scheme Damaged status Not for loan Home library Current library Shelving location Total Checkouts Full call number Barcode Date last seen Copy number Koha item type
Dewey Decimal Classification     JCC Rouf Library JCC Rouf Library General Stacks   823.914 CAR 1977 1042 01/16/2018 C - 1 Books

JCC Library | Contacts | JCC Home

Last Update on 23 September 2017
Copyright @ 2017-2020 JCC Rouf Library
Rouf Library, Jhenidah Cadet College (JCC), Bangladesh